| 000 | 00516nam a2200181Ia 4500 | ||
|---|---|---|---|
| 999 |
_c14565 _d14565 |
||
| 003 | OSt | ||
| 005 | 20201113132804.0 | ||
| 008 | 190216s9999||||xx |||||||||||||| ||und|| | ||
| 020 | _a9788131755297 | ||
| 040 | _coclc | ||
| 082 |
_a418.001 _bHYL/T |
||
| 100 |
_aHyland, Ken _96513 |
||
| 245 | 0 |
_aTeaching And Researching : Writing / _cKen Hyland |
|
| 260 |
_bPearson Education, _c2011. _aNew Delhi: |
||
| 300 | _a263p | ||
| 650 | _aEnglish | ||
| 942 |
_cBK _2ddc _h418.001 _iHYL/T _k418.001 _mHYL/T |
||